Science Quiz

Random Science or Physics Quiz
Score 0/28 Timer 05:00
2 Plays Today
Question Answer Wrong Answers
Which of these was invented by King Gillette? Safety Razor
95.1%
Baby Food
0.4%
Corn Flakes
0.4%
Graham Cracker
0.4%
Which of these was invented by Louis Braille? Braille Writing
94.8%
Telegraph
0.7%
Telephone
0.4%
Television
0.4%
Which of these was invented by Adolphe Sax? Saxophone
94.4%
Radio
0.5%
World Wide Web
0.4%
Electric Guitar
1%
Which of these was invented by John Harvey Kellogg? Corn Flakes
94%
Baby Food
0.5%
Graham Cracker
1.1%
Safety Razor
0.6%
Which of these was invented by Samuel Colt? Revolver
93.8%
Air Conditioner
0.9%
Dynamite
0.7%
Ballpoint Pen
0.8%
Which of these was invented by Wilbur and Orville Wright? Airplane
93.7%
Gas Powered Car
0.7%
Helicopter
1.4%
Elevator
0.5%
Which of these was invented by Alexander Graham Bell? Telephone
93.3%
Telegraph
1.8%
Braille Writing
0.3%
Television
1%
Which of these was invented by Nikola Tesla? Tesla Coil
90.9%
Bifocals
0.7%
Phonograph
2%
Camera Film
2.5%
Which of these was invented by Alfred Nobel? Dynamite
89%
Air Conditioner
1.6%
Ballpoint Pen
4.2%
Revolver
1.4%
Which of these was invented by Karl Benz? Gas Powered Car
88.9%
Airplane
1.1%
Helicopter
3.1%
Elevator
3.1%
Which of these was invented by Samuel Morse? Telegraph
88.3%
Braille Writing
6.4%
Telephone
1.3%
Television
0.4%
Which of these was invented by Alessandro Volta? Battery
87.6%
Seed Drill
1.5%
Steel Plow
1%
Steam Engine
6.1%
Which of these was invented by Elisha Otis? Elevator
87.2%
Gas Powered Car
3.7%
Airplane
1.6%
Helicopter
3.6%
Which of these was invented by Sylvester Graham? Graham Cracker
87%
Baby Food
2.4%
Corn Flakes
3.6%
Safety Razor
3.2%
Which of these was invented by Guglielmo Marconi? Radio
85.3%
World Wide Web
2%
Saxophone
5.2%
Electric Guitar
4%
Which of these was invented by George Eastman? Camera Film
84.5%
Bifocals
4.5%
Phonograph
5.5%
Tesla Coil
1.7%
Which of these was invented by Daniel Gerber? Baby Food
84.3%
Corn Flakes
2.3%
Graham Cracker
4.6%
Safety Razor
5.1%
Which of these was invented by Laszlo Biro? Ballpoint Pen
82.8%
Air Conditioner
7%
Dynamite
4%
Revolver
2.2%
Which of these was invented by Igor Sikorsky? Helicopter
81.2%
Gas Powered Car
5.1%
Airplane
2.3%
Elevator
7.6%
Which of these was invented by Willis Carrier? Air Conditioner
81%
Dynamite
2.5%
Ballpoint Pen
8.6%
Revolver
4.2%
Which of these was invented by George Beauchamp? Electric Guitar
80.4%
Radio
5.4%
World Wide Web
3.7%
Saxophone
6.6%
Which of these was invented by Thomas Edison? Phonograph
79.3%
Bifocals
3.6%
Tesla Coil
11.5%
Camera Film
2.1%
Which of these was invented by Tim Berners-Lee? World Wide Web
76.2%
Radio
6%
Saxophone
6.5%
Electric Guitar
7.6%
Which of these was invented by Benjamin Franklin? Bifocals
74.9%
Phonograph
4.4%
Tesla Coil
15.9%
Camera Film
1.2%
Which of these was invented by James Watt? Steam Engine
70.8%
Seed Drill
3.9%
Steel Plow
1.5%
Battery
20.3%
Which of these was invented by John Logie Baird? Television
68%
Telegraph
8.6%
Braille Writing
15.4%
Telephone
4.1%
Which of these was invented by Jethro Tull? Seed Drill
61.7%
Steel Plow
19.6%
Steam Engine
11.8%
Battery
3%
Which of these was invented by John Deere? Steel Plow
53.3%
Seed Drill
39%
Steam Engine
3.3%
Battery
0.9%
Remove Ads.
Support Sporcle.
Get the best of Sporcle when you Go Orange. This ad-free experience offers more features, more stats, and more fun while also helping to support Sporcle. Thank you for becoming a member.

You're not logged in!

Compare scores with friends on all Sporcle quizzes.
OR
Log In

Sporcle TV

Today on Sporcle TV


Watch our educational content, quiz creation guides, and fun videos on Sporcle TV.

Show Comments

Extras

Top Quizzes Today


Score Distribution

Paid Content

Your Account Isn't Verified!

In order to create a playlist on Sporcle, you need to verify the email address you used during registration. Go to your Sporcle Settings to finish the process.

Report this User

Report this user for behavior that violates our Community Guidelines.

Details: